Después del hombre (Record no. 57244)

MARC details
000 -LEADER
campo de control de longitud fija 00695nam a2200193 i 4500
001 - NÚMERO DE CONTROL
campo de control 57244
003 - IDENTIFICADOR DE NÚMERO DE CONTROL
campo de control ES-MaACL
005 - FECHA Y HORA DE LA ÚLTIMA TRANSACCIÓN
campo de control 20230906163536.0
007 - CAMPO FIJO DE DESCRIPCIÓN FÍSICA--INFORMACIÓN GENERAL
campo de control de longitud fija t|
008 - DATOS DE LONGITUD FIJA--INFORMACIÓN GENERAL
campo de control de longitud fija 031015s1982 sp ||||1| spa d
100 1# - ENTRADA PRINCIPAL--NOMBRE DE PERSONA
Nombre de persona Dixon, Dougal.
9 (RLIN) 44902
245 10 - MENCIÓN DEL TÍTULO
Título Después del hombre
Resto del título : una zoología del futuro /
Mención de responsabilidad, etc. Dougal Dixon ; prólogo, Desmond Morris ; [traducción, Alberto Arche Miralles ; revisión científica, Juan Diego Pérez].
260 ## - PUBLICACIÓN, DISTRIBUCIÓN, ETC.
Lugar de publicación, distribución, etc. Barcelona :
Nombre del editor, distribuidor, etc. Blume,
Fecha de publicación, distribución, etc. [1982]
300 ## - DESCRIPCIÓN FÍSICA
Extensión 124 p., 15 lám. :
Otras características físicas il. ;
Dimensiones 29 cm.
700 1# - ENTRADA AGREGADA--NOMBRE PERSONAL
Nombre de persona Morris, Desmond.
9 (RLIN) 83672
700 1# - ENTRADA AGREGADA--NOMBRE PERSONAL
Nombre de persona Arche Miralles, Alberto.
9 (RLIN) 22478
700 1# - ENTRADA AGREGADA--NOMBRE PERSONAL
Nombre de persona Pérez, Juan Diego.
9 (RLIN) 90591
852 ## - LOCALIZACIÓN
Ubicación ES-MaACL
Número de control de estantería L-4232
Sublocalización o colección R.105220
Holdings
Estatus retirado Estado de pérdida Estado de daño No para préstamo Biblioteca de origen Biblioteca actual Ubicación en estantería Fecha de adquisición Fuente de adquisición Total de préstamos Signatura topográfica completa Código de barras Visto por última vez Precio de reemplazo Tipo de ítem Koha
        Biblioteca del Ateneo de Madrid Biblioteca del Ateneo de Madrid Depósito 2 17/01/2008     L-4232 1060103 23/02/2023 23/02/2023 Libro impreso